Assessment of the effect of performance management practices on employee performance in Zambian private schools : case study of Lusaka province (Record no. 85089)
[ view plain ]
| 000 -LEADER | |
|---|---|
| fixed length control field | 00873 a2200241 4500 |
| 003 - CONTROL NUMBER IDENTIFIER | |
| control field | CBULib |
| 005 - DATE AND TIME OF LATEST TRANSACTION | |
| control field | 20240626080207.0 |
| 008 - FIXED-LENGTH DATA ELEMENTS--GENERAL INFORMATION | |
| fixed length control field | 240626b |||||||| |||| 00| 0 eng d |
| 040 ## - CATALOGING SOURCE | |
| Original cataloging agency | CBULib |
| Language of cataloging | English |
| Transcribing agency | CBULib |
| Description conventions | rda |
| 041 ## - LANGUAGE CODE | |
| Language code of text/sound track or separate title | eng |
| 050 ## - LIBRARY OF CONGRESS CALL NUMBER | |
| Classification number | CBU-PG THESIS/AON |
| 100 ## - MAIN ENTRY--PERSONAL NAME | |
| Personal name | Aongola, Nangana Betty |
| 245 ## - TITLE STATEMENT | |
| Title | Assessment of the effect of performance management practices on employee performance in Zambian private schools : case study of Lusaka province |
| Statement of responsibility, etc | / by Nangana Betty Aongola |
| 260 ## - PUBLICATION, DISTRIBUTION, ETC. (IMPRINT) | |
| Name of publisher, distributor, etc | Copperbelt University, |
| Date of publication, distribution, etc | 2023 |
| Place of publication, distribution, etc | Kitwe : |
| 300 ## - PHYSICAL DESCRIPTION | |
| Extent | xii, 80 pages : illustrations |
| 336 ## - CONTENT TYPE | |
| Source | rdacontent |
| Content type term | Text | |
| Content type code | txt |
| 337 ## - MEDIA TYPE | |
| Source | rdamedia |
| Media type term | Unmediated | |
| Media type code | n |
| 338 ## - CARRIER TYPE | |
| Source | rdacarrier |
| Carrier type term | Volume |
| Carrier type code | nc |
| 650 ## - SUBJECT ADDED ENTRY--TOPICAL TERM | |
| Topical term or geographic name as entry element | PERFORMANCE APPRAISAL |
| 650 ## - SUBJECT ADDED ENTRY--TOPICAL TERM | |
| Topical term or geographic name as entry element | PERSONNEL MANAGEMENT--LUSAKA |
| 650 #0 - SUBJECT ADDED ENTRY--TOPICAL TERM | |
| Topical term or geographic name as entry element | ORGANIZATIONAL PERFORMANCE--EDUCATION |
| 9 (RLIN) | 3008 |
| 942 ## - ADDED ENTRY ELEMENTS (KOHA) | |
| Source of classification or shelving scheme | |
| Koha item type | UNIVERSITY COLLECTION |
| Withdrawn status | Lost status | Source of classification or shelving scheme | Damaged status | Not for loan | Collection code | Permanent Location | Current Location | Shelving location | Date acquired | Source of acquisition | Total Checkouts | Full call number | Barcode | Date last seen | Copy number | Price effective from | Koha item type |
|---|---|---|---|---|---|---|---|---|---|---|---|---|---|---|---|---|---|
| Special Collections | CBU-MAIN LIBRARY, KITWE. | CBU-MAIN LIBRARY, KITWE. | Special Collections | 06/26/2024 | DEP-CBU | CBU-PG THESIS/AON | B85089 | 06/26/2024 | 1 | 06/26/2024 | UNIVERSITY COLLECTION |